Name the biggest geographical feautures on Europe - Statistics

General Stats
  • This quiz has been taken 92 times
    69 since last reset
  • The average score is 13 of 25
Answer Stats
Countries it goes through Answer % Correct
Romania, Ukraine, Moldova, Bulgaria, Serbia, Croatia, Hungary, Slovakia, Austria, Germany Danube
98%
Russia Volga
97%
United Kingdom Great Britain
90%
Iceland Iceland
90%
United Kingdom, Ireland Ireland
86%
Greece, Serbia (Kosovo), Bosnia and Herzegovina, Montenegro, Croatia, Slovenia, Bulgaria, Romania, North Macedonia, Albania, Turkey Balkan peninsula
85%
Spain, Portugal, Andorra, France, United Kingdom Iberian peninsula
83%
Russia Elbrus
81%
Norway, Sweden, Finland Scandinavian peninsula
81%
Ukraine, Belarus, Russia Dnieper
80%
Italy, San Marino, Vatican city Apenine (Italian) peninsula
76%
Russia Ladoga
64%
Russia, Kazakhstan Ural
56%
Russia Don
42%
Russia Kola peninsula
39%
Norway Spitsbergen
39%
Russia Onega
37%
Russia Severny
27%
Estonia, Russia Peipus
25%
Sweden Vänern
22%
Finland Saimaa
12%
Russia Dij-Tau
5%
Russia, Georgia Kazbek
5%
Russia Koshtan-tau
3%
Russia, Georgia Shjara
0%
No matching quizzes found
Score Distribution
Percent of People with Each Score
Percentile by Number Answered
Your Score History
You have not taken this quiz since the last reset